00000000nam 2200000zi 4500
0019.937634
003CaOODSP
00520250123142654
006m     o  d f      
007cr |n|||||||||
008240501e197201  onc|||| os   f00| 0|eng d
040 |aCaOODSP|beng|erda|cCaOODSP
043 |an-cn---|an-us---
0861 |aId46-32/1972E-PDF
24502|aA study of marketing in the Canadian footwear industry / |cprepared by Leetham, Simpson Limited.
264 1|a[Ottawa] : |bApparel and Textiles Branch, Department of Industry, Trade and Commerce, |cJanuary 1972.
300 |a1 online resource (3 volumes)
336 |atext|btxt|2rdacontent
337 |acomputer|bc|2rdamedia
338 |aonline resource|bcr|2rdacarrier
500 |aDigitized edition from print [produced by Innovation, Science and Economic Development Canada].
5050 |av. 1. The Canadian market -- v. 2. The market in the U.S.A. -- v. 3. Appendices.
650 0|aFootwear industry|zCanada|vStatistics.
650 0|aFootwear industry|zUnited States|vStatistics.
650 6|aChaussures|xIndustrie|zCanada|vStatistiques.
650 6|aChaussures|xIndustrie|zÉtats-Unis|vStatistiques.
655 7|aStatistics|2lcgft
655 7|aStatistiques|2rvmgf
7101 |aCanada. |bDepartment of Industry, Trade and Commerce, |eissuing body.
7101 |aLeetham, Simpson Inc., |eauthor, |eissuing body.
85640|qPDF|s1.94 MB|uhttps://publications.gc.ca/collections/collection_2025/isde-ised/Id46-32-1972-1-eng.pdf|zv. 1. The Canadian market
85640|qPDF|s2.14 MB|uhttps://publications.gc.ca/collections/collection_2025/isde-ised/Id46-32-1972-2-eng.pdf|zv. 2. The market in the U.S.A
85640|qPDF|s2.66 MB|uhttps://publications.gc.ca/collections/collection_2025/isde-ised/Id46-32-1972-3-eng.pdf|zv. 3. Appendices